LEADER 02580nam 2200445 450 001 9910822347003321 005 20230814215612.0 010 $a3-7329-9578-X 035 $a(CKB)4340000000262514 035 $a(MiAaPQ)EBC5332767 035 $a(Au-PeEL)EBL5332767 035 $a(CaPaEBR)ebr11535782 035 $a(OCoLC)1030819740 035 $a5f283a78-eac4-4059-9e8e-7b8ab0dd2d03 035 $a(EXLCZ)994340000000262514 100 $a20180423d2018 uy 0 101 0 $ager 135 $aurcnu|||||||| 181 $ctxt$2rdacontent 182 $cc$2rdamedia 183 $acr$2rdacarrier 200 10$aGregor von Rezzoris "Tanz mit dem Jahrhundert" /$fJacques Lajarrige, Fried Nielsen 210 1$aBerlin :$cFrank & Timme,$d2018. 215 $a1 online resource (214 pages) 225 1 $aForum: Osterreich 300 $aPublicationDate: 20180327 311 $a3-7329-0425-3 330 $aLong description: Was verbindet Gregor von Rezzori, den selbsterklärten ?Kulturverhöhner? und angeblich teilnahmslosen Beobachter seiner Zeit, mit der tragischen Geschichte des 20. Jahrhunderts? Anlässlich des 100. Geburtstages des Schriftstellers, Journalisten, Übersetzers, Drehbuchautors und gelegentlichen Schauspielers diskutieren Germanisten und Kulturwissenschaftler aus sechs europäischen Ländern Rezzoris Werk als einen komplexen Prozess der historischen Verortung und Verhandlung. Der Fokus ihrer wechselnden interdisziplinären Perspektiven liegt dabei auf den Erzählstrategien, die souverän mit den Mechanismen von Selbst- und Fremdbildkonstruktionen spielen, und dem oft satirischen, märchenhaften, ja sogar karnevalesken Grundton, der Rezzoris Schilderungen von Orten, Menschen(-konflikten) und geschichtlichen Zäsuren anhaftet. 330 $aBiographical note: Jacques Lajarrige ist Professor für deutsche Literatur und Kulturgeschichte an der Université Toulouse Jean Jaurès und Leiter des dortigen Centre de Recherches et d?Études Germaniques. Fried Nielsen trat nach dem Studium der Rechtswissenschaften in Bonn und München in den Dienst des Auswärtigen Amtes. Nach Posten in London, Santiagode Chile und Tiflis war er zuletzt Gesandter in Paris. Derzeit ist er Gesandter in Warschau. 410 0$aForum: O?sterreich. 676 $a833.912 700 $aLajarrige$b Jacques$01149669 702 $aNielsen$b Fried 801 0$bMiAaPQ 801 1$bMiAaPQ 801 2$bMiAaPQ 906 $aBOOK 912 $a9910822347003321 996 $aGregor von Rezzoris "Tanz mit dem Jahrhundert"$94023804 997 $aUNINA